00362 a2200145 4500020001500000040001300015082000800028100001400036245003900050260004800089300002900137500001900166650001500185700001600200 a8173198748 aDLCbDLC a510 a Basu, U. aApplied mathematicscBasu. UhBook aNew Delhi :bNarosa Publishing Housec2008. a291 p. ;b: ill.c25 cm. aIncludes Index aMthematics aB. N.Mandal